Slovenská ekonomika v kontexte stratégie "Európa 2020"

Inovačná stratégia SR na roky 2007-2013. Hrubé domáce výdavky na vedu a výskum. Globálny inovačný index v Európe a vo svete. Vzdelávanie v EÚ, Bolonský proces. Vzdelávanie v SR. Európa 2020 - hlavné ciele EÚ.

Saved in:
Bibliographic Details
Main Author: Andrejčíková, Mária
Format: Book Chapter
Language:Slovak
Subjects:
Tags: Add Tag
No Tags, Be the first to tag this record!

MARC

LEADER 00000nla$a2200000$$$4500
001 0143450
005 20240502072555.7
041 0 |a slo 
044 |a SK 
245 1 0 |a Slovenská ekonomika v kontexte stratégie "Európa 2020"  |c Mária Andrejčíková 
520 |a Inovačná stratégia SR na roky 2007-2013. Hrubé domáce výdavky na vedu a výskum. Globálny inovačný index v Európe a vo svete. Vzdelávanie v EÚ, Bolonský proces. Vzdelávanie v SR. Európa 2020 - hlavné ciele EÚ. 
610 2 0 |a Európska únia 
610 2 0 |a rozvoj trvalo udržateľný 
610 2 0 |a konkurencieschopnosť 
610 2 0 |a stratégia hospodárska 
610 2 0 |a inovácia 
610 2 0 |a stratégia inovačná 
610 2 0 |a vzdelávanie 
610 2 0 |a Slovensko 
100 1 |a Andrejčíková, Mária